[Event "Poznan op 28th"]
[Site "Poznan"]
[Date "2021.08.21"]
[Round "8"]
[White "Weglarz, Janusz"]
[Black "Borkowski, Pawel"]
[Result "1-0"]
[WhiteElo "1607"]
[BlackElo "1141"]
[PlyCount "115"]
[EventDate "2021.08.15"]
[EventType "swiss"]
[EventRounds "9"]
[EventCountry "POL"]
[SourceTitle "CBM 203 Extra"]
[Source "ChessBase"]
[SourceDate "2021.09.30"]
[SourceVersion "1"]
[SourceVersionDate "2021.09.30"]
[SourceQuality "1"]

1. Nf3 d5 2. d4 Nf6 3. Bf4 Bf5 4. h3 e6 5. e3 Bd6 6. Ne5 Nbd7 7. g4 Be4 8. f3 Bg6 9. h4 h5 10. Nxg6 fxg6 11. Bxd6 cxd6 12. g5 Nh7 13. Bd3 0-0 14. Nc3 Nxg5 15. hxg5 Qxg5 16. Kf2 Rf6 17. Qg1 Qh6 18. Rf1 Raf8 19. Ke2 g5 20. Qh2 h4 21. Qxd6 Nb6 22. Qh2 Qh5 23. Qg2 a6 24. Rhg1 Qf7 25. Qxg5 h3 26. Qg3 Rh6 27. Rh1 Qh5 28. Rh2 Nc4 29. Bxc4 dxc4 30. Rfh1 Qf5 31. Ne4 Qb5 32. Kd2 Qxb2 33. Rxh3 c3+ 34. Kd3 Rc8 35. Nf6+ Rxf6 36. Rh8+ Kf7 37. Rxc8 Qb5+ 38. Kxc3 Qa5+ 39. Kd3 Qb5+ 40. c4 Qf5+ 41. Kc3 Qa5+ 42. Kb3 e5 43. c5 Qb5+ 44. Kc3 Qa5+ 45. Kd3 e4+ 46. Kxe4 Re6+ 47. Qe5 Rxe5+ 48. Kxe5 Qc3 49. Rc7+ Kg8 50. Kf4 g5+ 51. Ke4 Qc2+ 52. Ke5 Qg2 53. Rhh7 Qg3+ 54. Ke4 Qg2 55. Rhg7+ Kf8 56. Rxb7 Qc2+ 57. Ke5 Qc3 58. Kf6 1-0

[Event "Poznan op 28th"]
[Site "Poznan"]
[Date "2021.08.17"]
[Round "4"]
[White "Twardowski, Hubert"]
[Black "Weglarz, Janusz"]
[Result "1-0"]
[WhiteElo "1877"]
[BlackElo "1607"]
[PlyCount "53"]
[EventDate "2021.08.15"]
[EventType "swiss"]
[EventRounds "9"]
[EventCountry "POL"]
[SourceTitle "CBM 203 Extra"]
[Source "ChessBase"]
[SourceDate "2021.09.30"]
[SourceVersion "1"]
[SourceVersionDate "2021.09.30"]
[SourceQuality "1"]

1. e4 c6 2. d4 d5 3. Nd2 dxe4 4. Nxe4 Bf5 5. Ng3 Bg6 6. h4 h6 7. Nf3 e6 8. Ne5 Bh7 9. Bc4 Nf6 10. Qe2 Qe7 11. Be3 Nbd7 12. 0-0-0 Nd5 13. Bd3 Bxd3 14. Qxd3 Nxe3 15. Qxe3 0-0-0 16. Ne4 Nxe5 17. dxe5 Rxd1+ 18. Rxd1 Qxh4 19. Qxa7 Kc7 20. Nd6 Qf4+ 21. Kb1 Bxd6 22. exd6+ Qxd6 23. Rxd6 Kxd6 24. Qxb7 Rd8 25. Qxf7 Rd7 26. Qf8+ Ke5 27. a4 1-0

[Event "Poznan op 28th"]
[Site "Poznan"]
[Date "2021.08.16"]
[Round "3"]
[White "Weglarz, Janusz"]
[Black "Michalska, Lena"]
[Result "1-0"]
[WhiteElo "1607"]
[BlackElo "1231"]
[PlyCount "73"]
[EventDate "2021.08.15"]
[EventType "swiss"]
[EventRounds "9"]
[EventCountry "POL"]
[SourceTitle "CBM 203 Extra"]
[Source "ChessBase"]
[SourceDate "2021.09.30"]
[SourceVersion "1"]
[SourceVersionDate "2021.09.30"]
[SourceQuality "1"]

1. Nf3 c5 2. e4 g6 3. Nc3 Bg7 4. Bc4 Nc6 5. a3 b6 6. 0-0 Nf6 7. d3 0-0 8. h3 d6 9. Bf4 Nd7 10. Qd2 Nde5 11. Nxe5 Nxe5 12. Bd5 Rb8 13. Bh6 e6 14. Bxg7 Kxg7 15. Ba2 Nc6 16. Ne2 d5 17. Qc3+ d4 18. Qd2 f5 19. exf5 exf5 20. Nf4 Qd6 21. Rae1 Bd7 22. Re2 Rbe8 23. Rfe1 Re5 24. Be6 Bxe6 25. Nxe6+ Qxe6 26. Rxe5 Nxe5 27. f4 Nc4 28. dxc4 Qxc4 29. Re5 Qf7 30. Qe2 Qf6 31. Re6 Qd8 32. Qe5+ Kh6 33. Re7 Rg8 34. Qf6 Qxe7 35. Qxe7 a5 36. Kf2 c4 37. g4 1-0

[Event "Poznan op 28th"]
[Site "Poznan"]
[Date "2021.08.15"]
[Round "2"]
[White "Poltorak, Sebastian"]
[Black "Weglarz, Janusz"]
[Result "1-0"]
[WhiteElo "2205"]
[BlackElo "1607"]
[PlyCount "55"]
[EventDate "2021.08.15"]
[EventType "swiss"]
[EventRounds "9"]
[EventCountry "POL"]
[SourceTitle "CBM 203 Extra"]
[Source "ChessBase"]
[SourceDate "2021.09.30"]
[SourceVersion "1"]
[SourceVersionDate "2021.09.30"]
[SourceQuality "1"]

1. Nf3 d5 2. d4 Nf6 3. Bf4 g6 4. e3 Bg7 5. c4 0-0 6. Nc3 c6 7. h3 Nbd7 8. Be2 dxc4 9. Bxc4 Nb6 10. Bd3 Nfd5 11. Bg3 f5 12. Be5 e6 13. Qb3 Qe7 14. Rc1 Nd7 15. Bxg7 Kxg7 16. 0-0 h5 17. h4 N7f6 18. Rfe1 Qd6 19. e4 fxe4 20. Nxe4 Nxe4 21. Bxe4 Nf6 22. Rc5 Nxe4 23. Rxe4 Rf6 24. Rg5 b6 25. Ne5 Ba6 26. Qg3 Kh7 27. Rxg6 Qe7 28. Qg5 1-0

[Event "Polanica Zdroj op-B 56th"]
[Site "Polanica Zdroj"]
[Date "2020.08.20"]
[Round "6"]
[White "Janocha, Jan"]
[Black "Weglarz, Janusz"]
[Result "1-0"]
[WhiteElo "1617"]
[BlackElo "1724"]
[PlyCount "125"]
[EventDate "2020.08.15"]
[EventType "swiss"]
[EventRounds "9"]
[EventCountry "POL"]
[SourceTitle "CBM 198 Extra"]
[Source "ChessBase"]
[SourceDate "2020.11.30"]
[SourceVersion "1"]
[SourceVersionDate "2020.11.30"]
[SourceQuality "1"]

1. e4 c6 2. d4 d5 3. exd5 cxd5 4. Bd3 Nc6 5. Nf3 Nf6 6. c3 a6 7. 0-0 Bg4 8. Bg5 e6 9. Nbd2 Be7 10. Qc2 Bxf3 11. Nxf3 h6 12. Bh4 0-0 13. Rfe1 Rc8 14. Re2 Nb4 15. Qd2 Nxd3 16. Qxd3 Nh5 17. Bxe7 Qxe7 18. g3 Nf6 19. Rae1 Rc7 20. Nh4 Qd7 21. Nf3 Qc8 22. Ne5 Ne4 23. c4 Nf6 24. c5 Nd7 25. b4 Nxe5 26. Rxe5 Qd7 27. Qb3 Qc6 28. a4 b6 29. b5 axb5 30. axb5 Qb7 31. c6 Qa7 32. Qb4 Rd8 33. R5e3 Qb8 34. Ra3 Ra7 35. Rea1 Rxa3 36. Rxa3 Qc7 37. Ra6 Re8 38. Qa3 Re7 39. Rxb6 Qxb6 40. Qxe7 Qxb5 41. Qc5 Qb1+ 42. Kg2 Qe4+ 43. Kf1 Qh1+ 44. Ke2 Qe4+ 45. Kd2 Qf3 46. c7 Qxf2+ 47. Kc3 Qe1+ 48. Kb3 Qb1+ 49. Ka4 Qa1+ 50. Kb5 Qb2+ 51. Kc6 Qxh2 52. c8Q+ Kh7 53. Qc3 Qe2 54. Kd6 g6 55. Q8c7 Kg7 56. Ke7 Qf2 57. Ke8 g5 58. Q3c5 Kg6 59. Qc2+ Qxc2 60. Qxc2+ f5 61. Ke7 Kh5 62. Qe2+ g4 63. Kf6 1-0

[Event "Poznan op 26th"]
[Site "Poznan"]
[Date "2018.08.26"]
[Round "9"]
[White "Nadstoga, Wojciech"]
[Black "Weglarz, Janusz"]
[Result "1-0"]
[WhiteElo "1928"]
[BlackElo "1707"]
[PlyCount "75"]
[EventDate "2018.08.19"]
[EventType "swiss"]
[EventRounds "9"]
[EventCountry "POR"]
[SourceTitle "CBM 186 Extra"]
[Source "ChessBase"]
[SourceDate "2018.08.24"]
[SourceVersion "1"]
[SourceVersionDate "2018.08.24"]
[SourceQuality "1"]

1. Nf3 Nf6 2. g3 g6 3. Bg2 Bg7 4. 0-0 0-0 5. c4 c6 6. h3 d5 7. cxd5 cxd5 8. d3 Nc6 9. Nc3 a6 10. Bf4 Nh5 11. Bd2 d4 12. Ne4 Nf6 13. Nxf6+ Bxf6 14. Bg5 e6 15. h4 Bxg5 16. hxg5 Kg7 17. Qd2 Qd6 18. Nh2 e5 19. e4 Be6 20. f4 f5 21. gxf6+ Rxf6 22. f5 gxf5 23. exf5 Bxf5 24. Qg5+ Bg6 25. Ng4 Rxf1+ 26. Rxf1 Qe7 27. Rf6 Rc8 28. Qh6+ Kh8 29. Rxg6 Qf8 30. Qh3 Qf7 31. Be4 Rg8 32. Rxg8+ Qxg8 33. Nf6 Qf7 34. Nxh7 Qe7 35. Qh6 Qg7 36. Qh4 Qe7 37. Ng5+ Kg7 38. Qh7+ 1-0

[Event "Poznan op 26th"]
[Site "Poznan"]
[Date "2018.08.24"]
[Round "7"]
[White "Zielinski, Tomasz"]
[Black "Weglarz, Janusz"]
[Result "0-1"]
[WhiteElo "1382"]
[BlackElo "1707"]
[PlyCount "94"]
[EventDate "2018.08.19"]
[EventType "swiss"]
[EventRounds "9"]
[EventCountry "POR"]
[SourceTitle "CBM 186 Extra"]
[Source "ChessBase"]
[SourceDate "2018.08.24"]
[SourceVersion "1"]
[SourceVersionDate "2018.08.24"]
[SourceQuality "1"]

1. e4 c5 2. Nf3 d6 3. d4 cxd4 4. Nxd4 Nf6 5. f3 g6 6. c4 Bg7 7. Be3 0-0 8. Be2 Nc6 9. Nc3 a6 10. Nc2 Be6 11. 0-0 Nd7 12. Qd2 f6 13. Rac1 Rc8 14. Nd5 Bf7 15. b3 g5 16. f4 gxf4 17. Rxf4 Nce5 18. Rh4 Ng6 19. Rg4 Nc5 20. Bf3 Be6 21. Rg3 Bxd5 22. exd5 Qe8 23. Nd4 f5 24. Bh5 Ne4 25. Bxg6 hxg6 26. Qd3 Nxg3 27. hxg3 Bxd4 28. Bxd4 e5 29. dxe6 Qxe6 30. Bc3 Qe4 31. Qd2 Rce8 32. Re1 Qxe1+ 33. Qxe1 Rxe1+ 34. Bxe1 Kf7 35. Kf2 Re8 36. Bd2 Re4 37. Bc3 Ke6 38. Kf3 d5 39. cxd5+ Kxd5 40. a3 g5 41. Bf6 g4+ 42. Kf2 Re6 43. Bc3 Rc6 44. Bd2 Ke4 45. b4 Kd3 46. Be3 Rc2+ 47. Kf1 Ra2 0-1

[Event "Poznan op 26th"]
[Site "Poznan"]
[Date "2018.08.23"]
[Round "6"]
[White "Weglarz, Janusz"]
[Black "Mozdzanowski, Filip"]
[Result "0-1"]
[WhiteElo "1707"]
[BlackElo "1411"]
[PlyCount "88"]
[EventDate "2018.08.19"]
[EventType "swiss"]
[EventRounds "9"]
[EventCountry "POR"]
[SourceTitle "CBM 186 Extra"]
[Source "ChessBase"]
[SourceDate "2018.08.24"]
[SourceVersion "1"]
[SourceVersionDate "2018.08.24"]
[SourceQuality "1"]

1. Nf3 Nf6 2. e3 g6 3. c4 Bg7 4. Nc3 d6 5. Be2 0-0 6. d4 Nbd7 7. 0-0 e5 8. Qc2 c6 9. Rd1 Qe7 10. b3 Rd8 11. Bb2 Nh5 12. dxe5 dxe5 13. a4 f5 14. Ba3 Nc5 15. Ne1 e4 16. Bxh5 gxh5 17. g3 Qe5 18. Bxc5 Qxc5 19. Ng2 Be6 20. Rac1 Rac8 21. Ne2 Bf7 22. h4 b5 23. Rxd8+ Rxd8 24. axb5 cxb5 25. Rd1 Rxd1+ 26. Qxd1 bxc4 27. bxc4 Bxc4 28. Nef4 Bf7 29. Qd8+ Qf8 30. Qd7 a5 31. Qxf5 a4 32. Nd5 a3 33. Nf6+ Bxf6 34. Qxf6 a2 35. Nf4 Qg7 36. Qd8+ Qf8 37. Qf6 Qc5 38. Kg2 Qf8 39. Kh2 h6 40. Ne2 Qg7 41. Qd8+ Kh7 42. Nd4 a1Q 43. Nf5 Qaf6 44. Qa5 Qgg6 0-1

[Event "Poznan op 24th"]
[Site "Poznan"]
[Date "2016.08.15"]
[Round "9"]
[White "Wojdak, Jan"]
[Black "Weglarz, Janusz"]
[Result "1-0"]
[WhiteElo "1681"]
[BlackElo "1798"]
[PlyCount "87"]
[EventDate "2016.08.08"]
[EventType "swiss"]
[EventRounds "9"]
[EventCountry "POL"]
[SourceTitle "EXT 2017"]
[Source "ChessBase"]
[SourceDate "2016.10.25"]
[SourceVersion "1"]
[SourceVersionDate "2016.10.25"]
[SourceQuality "1"]

1. e4 c6 2. d4 d5 3. Nc3 dxe4 4. Nxe4 Nf6 5. Nxf6+ exf6 6. Be3 Bd6 7. Qd2 0-0 8. Bd3 Be6 9. c4 Qe8 10. Ne2 Qe7 11. Qc2 h6 12. 0-0 Bg4 13. Nc3 Qc7 14. h3 Bc8 15. Ne4 Bf4 16. c5 Bxe3 17. fxe3 Qe7 18. Rae1 Be6 19. Nd6 b5 20. e4 Na6 21. a3 Nc7 22. Qf2 a5 23. Be2 Rab8 24. Bf3 Bd7 25. Qg3 Na6 26. e5 Rfd8 27. Bh5 Be6 28. exf6 Qf8 29. Bg4 Bxg4 30. Qxg4 g6 31. Re7 h5 32. Qe4 Rxd6 33. cxd6 Rd8 34. Qxc6 Nb8 35. Qxb5 Kh7 36. Qd5 Rd7 37. Rfe1 a4 38. Rxd7 Nxd7 39. Re7 Qc8 40. Qxf7+ Kh6 41. Qg7+ Kg5 42. Re1 Qc6 43. Qe7 Kh6 44. h4 1-0

[Event "Poznan op 24th"]
[Site "Poznan"]
[Date "2016.08.14"]
[Round "8"]
[White "Weglarz, Janusz"]
[Black "Rydlewski, Marek"]
[Result "1/2-1/2"]
[WhiteElo "1798"]
[BlackElo "1662"]
[PlyCount "121"]
[EventDate "2016.08.08"]
[EventType "swiss"]
[EventRounds "9"]
[EventCountry "POL"]
[SourceTitle "EXT 2017"]
[Source "ChessBase"]
[SourceDate "2016.10.25"]
[SourceVersion "1"]
[SourceVersionDate "2016.10.25"]
[SourceQuality "1"]

1. d4 Nf6 2. Nf3 e6 3. h3 d5 4. Bg5 Be7 5. Nbd2 b6 6. e3 Bb7 7. Bd3 0-0 8. 0-0 Nbd7 9. c3 c5 10. b3 Qc7 11. Bb5 Bd6 12. Bxf6 Nxf6 13. Rc1 a6 14. Bd3 Rab8 15. h4 Nd7 16. a4 e5 17. Bf5 Rfe8 18. Bxd7 Qxd7 19. dxe5 Bxe5 20. Nxe5 Rxe5 21. Nf3 Ree8 22. Nh2 Qf5 23. Qg4 Qxg4 24. Nxg4 Re4 25. f3 Re6 26. Rfe1 h5 27. Nh2 Rbe8 28. Kf2 Kf8 29. b4 Bc6 30. a5 bxa5 31. bxa5 Bb5 32. f4 Re4 33. Nf3 f6 34. Nd2 Ra4 35. Ra1 Rxa1 36. Rxa1 Ke7 37. Rd1 Rd8 38. Nb1 Kd6 39. e4 Kc6 40. Na3 Rd6 41. Ke3 dxe4 42. Rxd6+ Kxd6 43. Kxe4 Bc6+ 44. Kf5 Bxg2 45. Kg6 Ke6 46. f5+ Ke5 47. Nc4+ Kf4 48. Nd6 Bh3 49. Kxg7 Ke5 50. Nb7 Kxf5 51. Nxc5 Bf1 52. Nd7 Kg4 53. Nxf6+ Kxh4 54. Kh6 Be2 55. c4 Bxc4 56. Nxh5 Kg4 57. Ng7 Bf7 58. Kh7 Kg5 59. Kh8 Kf6 60. Kh7 Bg6+ 61. Kh6 1/2-1/2

[Event "Poznan op 23rd"]
[Site "Poznan"]
[Date "2015.08.11"]
[Round "2"]
[White "Kupsik, Joanna"]
[Black "Weglarz, Janusz"]
[Result "1-0"]
[WhiteElo "1710"]
[BlackElo "1854"]
[PlyCount "120"]
[EventDate "2015.08.10"]
[EventType "swiss"]
[EventRounds "9"]
[EventCountry "POL"]
[SourceTitle "CBM 167 Extra"]
[Source "ChessBase"]
[SourceDate "2015.09.14"]
[SourceVersion "1"]
[SourceVersionDate "2015.09.14"]
[SourceQuality "1"]

1. e4 c5 2. Nf3 d6 3. d4 cxd4 4. Nxd4 Nf6 5. Nc3 a6 6. Be2 g6 7. 0-0 Bg7 8. Be3 0-0 9. h3 Nbd7 10. Nb3 b6 11. Bd3 Bb7 12. f3 Rc8 13. Ne2 Ne5 14. c3 Nxd3 15. Qxd3 Nd7 16. Rfd1 Nc5 17. Qc2 Qc7 18. Rac1 Rfd8 19. Ned4 e5 20. Ne2 Ne6 21. Ng3 Bc6 22. Qf2 Rb8 23. Rd2 a5 24. Na1 b5 25. a3 Bf8 26. Nc2 d5 27. Rcd1 dxe4 28. Nxe4 Bxe4 29. fxe4 Rxd2 30. Rxd2 Nf4 31. Kh2 b4 32. axb4 axb4 33. cxb4 Ne6 34. Rd5 Rc8 35. Ne1 Bxb4 36. Nd3 Bf8 37. Nxe5 Kg7 38. g3 Qc2 39. Rd2 Qc7 40. Rd7 Qc2 41. Bd2 Ng5 42. h4 Rc7 43. Rxc7 Qxc7 44. hxg5 Kg8 45. Ng4 Bg7 46. Qf4 Qxf4 47. gxf4 Bxb2 48. Bb4 Kg7 49. Be7 Bc1 50. Kg3 Bd2 51. Kf3 Be1 52. f5 gxf5 53. exf5 Bd2 54. Kg3 Be1+ 55. Kh3 Kg8 56. Nh6+ Kg7 57. Kg4 Bc3 58. Kh5 Bb2 59. Ng4 Kg8 60. f6 Bc1 1-0

[Event "Poznan op-B 17th"]
[Site "Poznan"]
[Date "2008.07.26"]
[Round "8"]
[White "Frackowiak, Andrzej"]
[Black "Weglarz, Janusz"]
[Result "0-1"]
[WhiteElo "1869"]
[BlackElo "1926"]
[PlyCount "111"]
[EventDate "2008.07.19"]
[EventType "swiss"]
[EventRounds "9"]
[EventCountry "POL"]
[SourceTitle "EXT 2009"]
[Source "ChessBase"]
[SourceDate "2008.11.26"]
[SourceVersion "1"]
[SourceVersionDate "2008.11.26"]
[SourceQuality "1"]

1. d4 Nf6 2. c4 g6 3. Nf3 Bg7 4. e4 d6 5. Nc3 0-0 6. Be2 c6 7. 0-0 Nbd7 8. Re1 a6 9. Bg5 e5 10. dxe5 dxe5 11. Qc2 Qe7 12. Rad1 h6 13. Bc1 Nh7 14. Bd3 Ndf6 15. a3 Nh5 16. Ne2 f5 17. Ng3 Nxg3 18. hxg3 Ng5 19. b3 Bd7 20. c5 Nxf3+ 21. gxf3 Be6 22. Bc4 Kh7 23. Bxe6 Qxe6 24. Rd6 Qf7 25. Red1 Rae8 26. Rd7 Re7 27. R7d6 fxe4 28. Qxe4 Bf6 29. R1d3 Rc7 30. Qg4 Re8 31. Qe4 Bg7 32. Qg4 Bf8 33. Rd7 Re7 34. R7d6 Re8 35. Rd7 Rxd7 36. Rxd7 Re7 37. Rd6 Rc7 38. Rd3 Bxc5 39. Bb2 Re7 40. Qe4 Qf5 41. Rd8 Qxe4 42. fxe4 g5 43. Kg2 Bb6 44. Rd2 g4 45. f3 gxf3+ 46. Kxf3 Bc7 47. Rh2 Kg6 48. Bc1 Rf7+ 49. Kg4 Rh7 50. Rh5 Bd6 51. a4 b5 52. axb5 axb5 53. Bd2 c5 54. Bc3 Kf6 55. Ba5 Ke6 56. Bd8 0-1

[Event "Poznan op-B 17th"]
[Site "Poznan"]
[Date "2008.07.22"]
[Round "4"]
[White "Ryszkiewicz, Anna"]
[Black "Weglarz, Janusz"]
[Result "0-1"]
[WhiteElo "1719"]
[BlackElo "1926"]
[PlyCount "108"]
[EventDate "2008.07.19"]
[EventType "swiss"]
[EventRounds "9"]
[EventCountry "POL"]
[SourceTitle "EXT 2009"]
[Source "ChessBase"]
[SourceDate "2008.11.26"]
[SourceVersion "1"]
[SourceVersionDate "2008.11.26"]
[SourceQuality "1"]

1. e4 c6 2. d4 d5 3. exd5 cxd5 4. Bd3 Nf6 5. Bf4 Nc6 6. c3 g6 7. Nd2 Bg7 8. Ngf3 0-0 9. 0-0 a6 10. Qc2 Re8 11. Rae1 Nh5 12. Bg5 Bf6 13. Bxf6 Nxf6 14. Ne5 Kg7 15. Ndf3 Ng4 16. h3 Ngxe5 17. Nxe5 Qd6 18. Re3 b5 19. Rfe1 Na5 20. Rf3 Rf8 21. b3 Ra7 22. Qd2 f5 23. Bb1 Nc6 24. h4 Rc7 25. h5 Qf6 26. hxg6 hxg6 27. Rg3 Nxe5 28. Rxe5 e6 29. Rh3 Rh8 30. Ree3 Rxh3 31. Rxh3 f4 32. Qd3 Re7 33. Qd2 e5 34. dxe5 Qxe5 35. Rh1 Rc7 36. Qd4 Re7 37. Qxe5+ Rxe5 38. Kf1 d4 39. cxd4 Rd5 40. Ke2 Rxd4 41. Rc1 Bg4+ 42. f3 Bh5 43. Rc6 a5 44. Rc5 b4 45. Rxa5 Kf6 46. Rc5 Ke6 47. Be4 Rxe4+ 48. Kd3 Re3+ 49. Kc4 Re2 50. Kxb4 Rxa2 51. Rc4 g5 52. Kc5 Rxg2 53. Rc3 Rf2 54. b4 Bxf3 0-1

[Event "Poznan op-B 17th"]
[Site "Poznan"]
[Date "2008.07.20"]
[Round "2"]
[White "Jasnikowska, Daria"]
[Black "Weglarz, Janusz"]
[Result "1-0"]
[WhiteElo "1672"]
[BlackElo "1926"]
[PlyCount "131"]
[EventDate "2008.07.19"]
[EventType "swiss"]
[EventRounds "9"]
[EventCountry "POL"]
[SourceTitle "EXT 2009"]
[Source "ChessBase"]
[SourceDate "2008.11.26"]
[SourceVersion "1"]
[SourceVersionDate "2008.11.26"]
[SourceQuality "1"]

1. e4 c6 2. d4 d5 3. Nc3 dxe4 4. Nxe4 Bf5 5. Ng3 Bg6 6. Nf3 e6 7. Bd3 Ne7 8. 0-0 Qc7 9. c4 Nd7 10. Be3 Nf6 11. Qd2 Bxd3 12. Qxd3 Ng6 13. Rac1 Be7 14. d5 exd5 15. cxd5 Rd8 16. Qd4 c5 17. Qa4+ Nd7 18. Nf5 0-0 19. Nxe7+ Nxe7 20. d6 Qxd6 21. Qxa7 b6 22. Rfd1 Qe6 23. Bf4 Nd5 24. Bg3 Ra8 25. Qb7 N7f6 26. Re1 Qc8 27. Qxc8 Rfxc8 28. a3 Re8 29. Nd2 Nh5 30. Kf1 Nxg3+ 31. hxg3 Kf8 32. Nc4 Reb8 33. Re2 Nc7 34. Rd1 Nb5 35. Rd7 Re8 36. Rxe8+ Kxe8 37. Rb7 Rd8 38. Rxb6 Rd1+ 39. Ke2 Rc1 40. Rxb5 Rxc4 41. Kd2 Kd7 42. Rb6 Kc7 43. Ra6 Rd4+ 44. Kc3 Kb7 45. Ra5 Rd1 46. Rxc5 Rf1 47. Rf5 f6 48. g4 Kc6 49. a4 Rg1 50. g5 fxg5 51. Rxg5 g6 52. a5 Rf1 53. f3 Rc1+ 54. Kb4 Rc2 55. b3 Rc1 56. Re5 Rc2 57. a6 Kb6 58. Re6+ Ka7 59. Kb5 Rc7 60. b4 Rf7 61. Ka5 Ka8 62. Kb6 Rf8 63. Re7 h5 64. b5 Rf6+ 65. Ka5 Rf8 66. a7 1-0

[Event "POL-ch disabled"]
[Site "Chotowa"]
[Date "2007.05.29"]
[Round "6.3"]
[White "Weglarz, Janusz"]
[Black "Krawcewicz, Lucyna"]
[Result "1-0"]
[WhiteElo "1921"]
[BlackElo "1981"]
[PlyCount "87"]
[EventDate "2007.05.26"]
[EventType "swiss"]
[EventRounds "9"]
[EventCountry "POL"]
[SourceTitle "EXT 2023"]
[Source "ChessBase"]
[SourceDate "2022.10.05"]
[SourceVersion "1"]
[SourceVersionDate "2022.10.05"]
[SourceQuality "1"]

1. d4 d5 2. c4 e6 3. Nf3 Bb4+ 4. Bd2 Bxd2+ 5. Nbxd2 Nf6 6. e3 0-0 7. Bd3 Nbd7 8. Rc1 c6 9. 0-0 Re8 10. Bb1 b6 11. Qc2 Bb7 12. Ne5 c5 13. Nxd7 Qxd7 14. dxc5 bxc5 15. cxd5 exd5 16. Qxc5 Rec8 17. Qd4 Qb5 18. Bd3 Qa5 19. a3 Kf8 20. Nb3 Qb6 21. Qxb6 axb6 22. Bb5 Ke7 23. f3 g6 24. Kf2 Rxc1 25. Rxc1 Rc8 26. Rxc8 Bxc8 27. Nd4 Bd7 28. Bd3 Ne8 29. Ke2 Nc7 30. Kd2 Kd6 31. Kc3 f5 32. f4 Kc5 33. Nf3 Be6 34. h4 Kd6 35. a4 Bf7 36. Ng5 Bg8 37. b4 h6 38. Nf3 Bf7 39. Nd4 h5 40. Nb5+ Kc6 41. Nxc7 Kxc7 42. Bb5 Kd6 43. Kd4 Ke6 44. a5 1-0

[Event "POL-ch disabled"]
[Site "Chotowa"]
[Date "2007.05.28"]
[Round "3.6"]
[White "Weglarz, Janusz"]
[Black "Cylwik, Zbigniew"]
[Result "1-0"]
[WhiteElo "1921"]
[BlackElo "2066"]
[PlyCount "111"]
[EventDate "2007.05.26"]
[EventType "swiss"]
[EventRounds "9"]
[EventCountry "POL"]
[SourceTitle "EXT 2023"]
[Source "ChessBase"]
[SourceDate "2022.10.05"]
[SourceVersion "1"]
[SourceVersionDate "2022.10.05"]
[SourceQuality "1"]

1. d4 d5 2. c4 e6 3. Nf3 Nf6 4. Bg5 Be7 5. e3 0-0 6. Nbd2 Nbd7 7. Bd3 c5 8. 0-0 cxd4 9. Nxd4 Ne5 10. Be2 Nc6 11. Nxc6 bxc6 12. Qc2 h6 13. Bh4 Bb7 14. Rad1 Qb6 15. b3 Rfe8 16. Bg3 Rec8 17. Be5 Nd7 18. Ba1 a5 19. Nf3 Bf6 20. Bxf6 Nxf6 21. Bd3 Qb4 22. Rb1 Qe7 23. Nd2 c5 24. h3 Bc6 25. a4 Bb7 26. Rbd1 Qc7 27. Nb1 Rd8 28. Nc3 d4 29. exd4 Rxd4 30. Nb5 Qc6 31. f3 Rd7 32. Be2 Rad8 33. Rxd7 Rxd7 34. Rd1 Kf8 35. Rd2 Rxd2 36. Qxd2 Qb6 37. h4 Ba6 38. Kf2 Bxb5 39. axb5 Ke7 40. Qc3 Ne8 41. Kf1 f6 42. Bd3 Nd6 43. Bg6 Qa7 44. Qe3 a4 45. bxa4 Qxa4 46. Bd3 Qb4 47. Qe2 g5 48. hxg5 hxg5 49. Qa2 e5 50. Qa7+ Ke6 51. Qa8 Nxc4 52. Qg8+ Kd6 53. Bxc4 Qb1+ 54. Kf2 Qb2+ 55. Kg3 Qd4 56. Qd8# 1-0

[Event "Przelazy Cup op 7th"]
[Site "Przelazy"]
[Date "2007.04.10"]
[Round "2"]
[White "Weglarz, Janusz"]
[Black "Wielosz, Jaroslaw"]
[Result "0-1"]
[WhiteElo "1921"]
[BlackElo "1963"]
[PlyCount "137"]
[EventDate "2007.04.10"]
[EventType "swiss"]
[EventRounds "9"]
[EventCountry "POL"]
[SourceTitle "EXT 2011"]
[Source "ChessBase"]
[SourceDate "2010.11.26"]
[SourceVersion "1"]
[SourceVersionDate "2010.11.26"]
[SourceQuality "1"]

1. c4 f5 2. Nc3 Nf6 3. d4 e6 4. Bg5 Be7 5. e3 d5 6. Nf3 c6 7. Qc2 0-0 8. 0-0-0 Na6 9. a3 dxc4 10. Bxf6 Bxf6 11. Bxc4 b5 12. Ba2 b4 13. Nb1 Qd6 14. a4 Bb7 15. Bc4 Rac8 16. Qd3 Nc7 17. Nbd2 c5 18. Kb1 Nd5 19. Qb3 Rb8 20. Ka1 Nb6 21. dxc5 Qxc5 22. Bxe6+ Kh8 23. Rc1 Qa5 24. Nc4 Nxc4 25. Rxc4 Ba6 26. Rc6 Bb5 27. Rc5 Rb6 28. Bc4 a6 29. Kb1 Be7 30. Re5 Bd6 31. axb5 axb5 32. Rxb5 Rxb5 33. Bxb5 Qxb5 34. Nd4 Qe5 35. Qe6 Qxe6 36. Nxe6 Re8 37. Ng5 Be7 38. Nf3 h6 39. Rd1 Bf6 40. Rd5 g6 41. Rb5 Re4 42. g3 Rc4 43. Nd2 Rc7 44. Rxb4 Kg7 45. Nf3 g5 46. Nd4 Kg6 47. h3 Rd7 48. Rb6 f4 49. Kc2 fxg3 50. fxg3 Kf7 51. Kd3 Rc7 52. Nf5 h5 53. g4 hxg4 54. Nh6+ Kg7 55. Nxg4 Bd8 56. Rb5 Rc1 57. Rb7+ Kg6 58. Ke4 Rh1 59. Rd7 Ba5 60. Rd6+ Kg7 61. Kf5 Rxh3 62. Kxg5 Kf7 63. Nh6+ Ke7 64. Nf5+ Kf7 65. Rf6+ Ke8 66. Re6+ Kd7 67. Re4 Rh2 68. b4 Rg2+ 69. Kf6 0-1

[Event "Przelazy op-A"]
[Site "Przelazy"]
[Date "2004.??.??"]
[Round "3"]
[White "Brzeski, Maciej"]
[Black "Weglarz, Janusz"]
[Result "1-0"]
[WhiteElo "2155"]
[BlackElo "2015"]
[PlyCount "65"]
[EventDate "2004.??.??"]
[EventType "swiss"]
[EventRounds "9"]
[EventCountry "POL"]
[SourceTitle "EXT 2007"]
[Source "ChessBase"]
[SourceDate "2006.11.23"]
[SourceVersion "1"]
[SourceVersionDate "2006.11.23"]
[SourceQuality "1"]

1. e4 c6 2. Nc3 e6 3. d4 d5 4. Nf3 Nd7 5. Bg5 Be7 6. Bxe7 Qxe7 7. Bd3 dxe4 8. Nxe4 Ngf6 9. Qe2 0-0 10. 0-0-0 a5 11. Rhg1 Nd5 12. Ne5 Nf4 13. Qg4 Nxd3+ 14. Rxd3 f5 15. Qg5 Qxg5+ 16. Nxg5 Nf6 17. f4 h6 18. Ngf3 Ne4 19. Nd2 Nxd2 20. Kxd2 Rd8 21. c3 a4 22. c4 Bd7 23. g4 b5 24. gxf5 exf5 25. Rdg3 g5 26. fxg5 Ra5 27. Kc3 bxc4 28. Rh3 a3 29. Rh5 Be8 30. g6 Ra7 31. Nf7 Rda8 32. g7 Bd7 33. Ne5 1-0

[Event "Rowy Seniors op 7th"]
[Site "Rowy"]
[Date "2003.09.06"]
[Round "7"]
[White "Kawa, Boleslaw"]
[Black "Weglarz, Janusz"]
[Result "1-0"]
[WhiteElo "2200"]
[BlackElo "2060"]
[PlyCount "22"]
[EventDate "2003.08.??"]
[EventType "swiss"]
[EventRounds "9"]
[EventCountry "POL"]
[SourceTitle "EXT 2006"]
[Source "ChessBase"]
[SourceDate "2005.11.24"]
[SourceVersion "1"]
[SourceVersionDate "2005.11.24"]
[SourceQuality "1"]

1. e4 d6 2. d4 Nf6 3. Nc3 b6 4. Nf3 Ba6 5. Bxa6 Nxa6 6. Qe2 Qc8 7. 0-0 e6 8. Bg5 Be7 9. e5 dxe5 10. dxe5 Ng8 11. Ne4 h6 1-0